Die baukunst de 17. und 18. jarhunderts (Record no. 8006)

MARC details
000 -CABECERA
campo de control de longitud fija 00938nam a2200265 a 4500
001 - NÚMERO DE CONTROL
campo de control BRCA_8338
005 - FECHA Y HORA DE LA ÚLTIMA TRANSACCIÓN
campo de control 20190320210234.0
008 - DATOS DE LONGITUD FIJA--INFORMACIÓN GENERAL
campo de control de longitud fija 100714s1915----gw-a###f##---#001-0#ger-#
041 ## - CÓDIGO DE LENGUA
Código de lengua del texto/banda sonora o título independiente ger
044 ## - CÓDIGO DEL PAÍS DE LA ENTIDAD EDITORA/PRODUCTORA
Código MARC del país gw
050 #4 - SIGNATURA TOPOGRÁFICA DE LA BIBLIOTECA DEL CONGRESO
Número de clasificación NA1066
Número de documento/Ítem .W3 1915
100 1# - ENTRADA PRINCIPAL--NOMBRE DE PERSONA
Nombre de persona Wackernagel, Martin
9 (RLIN) 20868
245 10 - MENCIÓN DE TÍTULO
Título Die baukunst de 17. und 18. jarhunderts
Resto del título in der Germanischen Ländern
Mención de responsabilidad, etc. von Martin Wackernagel ; begründet von Fritz Burger ; herausgegeben von A. E. Brinckmann.
260 ## - PUBLICACIÓN, DISTRIBUCIÓN, ETC.
Lugar de publicación, distribución, etc. Alemania
Nombre del editor, distribuidor, etc. Akademische Verlagsgesellschaft Athenaion
Fecha de publicación, distribución, etc. 1915
300 ## - DESCRIPCIÓN FÍSICA
Extensión 208 p.
Otras características físicas il., 9 láminas
Dimensiones 29 cm.
440 #0 - MENCIÓN DE SERIE/PUNTO DE ACCESO ADICIONAL--TÍTULO
Título Handbuch der Kunstwissenschaft
9 (RLIN) 20869
500 ## - NOTA GENERAL
Nota general Incluye índice de ilustraciones
500 ## - NOTA GENERAL
Nota general R54
650 14 - PUNTO DE ACCESO ADICIONAL DE MATERIA--TÉRMINO DE MATERIA
Término de materia o nombre geográfico como elemento de entrada Arquitectura Alemana
Subdivisión cronológica Siglos XVII-XVIII
9 (RLIN) 20870
650 14 - PUNTO DE ACCESO ADICIONAL DE MATERIA--TÉRMINO DE MATERIA
Término de materia o nombre geográfico como elemento de entrada Arquitectura Alemana
Subdivisión general Historia
9 (RLIN) 20871
700 1# - PUNTO DE ACCESO ADICIONAL--NOMBRE DE PERSONA
Nombre de persona Burger, Fritz
9 (RLIN) 20872
700 1# - PUNTO DE ACCESO ADICIONAL--NOMBRE DE PERSONA
Nombre de persona Brinckmann, A. E.
Término indicativo de función/relación ed.
9 (RLIN) 20873
902 ## - CATALOGADOR
Iniciales GFM
942 ## - ELEMENTOS DE PUNTO DE ACCESO ADICIONAL (KOHA)
Fuente del sistema de clasificación o colocación Library of Congress Classification
Tipo de ítem Koha Libros
Holdings
Estado de retiro Estado de pérdida Estado dañado No para préstamo Localización permanente Ubicación/localización actual Fecha de adquisición Número de inventario Total de préstamos Signatura topográfica completa Código de barras Fecha visto por última vez Precio válido a partir de Tipo de ítem Koha
El ejemplar forma parte de la colección y puede ser consultado según las políticas vigentes.       Biblioteca del Museo Franz Mayer (Rogerio Casas-Alatriste) Biblioteca del Museo Franz Mayer (Rogerio Casas-Alatriste) 10/07/2014 R54   NA1066 .W3 1915 (R54) 8962 22/03/2019 22/03/2019 Libros